Afrikan fyysinen maantiede - Statistics

Yleistilastot
  • Tätä visaa on pelattu 404 kertaa
  • Keskiarvotulos 13 / 20
Vastaustilastot
Vihje Vastaus % Oikein
Suurimmat aavikot Sahara
98%
Suurin saari Madagaskar
95%
Pisimmät joet Niili
94%
Korkeimmat vuoret Kilimanjaro
87%
Välimeren ja Punaisenmeren yhdistävä kanava Suezin kanava
83%
Pinta-alaltaan suurimmat järvet Victorianjärvi
81%
Salmi Afrikan ja Euroopan välissä Gibraltarinsalmi
80%
Somalia, Etiopia, Eritrea ja Djibouti Afrikan {sarvi}
73%
Pisimmät joet Kongo
68%
Niemi lähellä Kapkaupunkia Hyväntoivonniemi
67%
Suurimmat aavikot Kalahari
67%
Käsite, joka viittaa yllä olevan kaltaisiin ruohikkoisiin ekosysteemeihin Savanni
67%
Pisimmät joet Niger
55%
Vuoristo Marokossa, Algeriassa ja Tunisiassa Atlasvuoret
52%
Pinta-alaltaan suurimmat järvet Malawijärvi
46%
Pinta-alaltaan suurimmat järvet Tanganjikajärvi
43%
Puolikuiva alue suurimman aavikon eteläpuolella Sahel
40%
Korkeimmat vuoret Mount Kenya
39%
Alue Keniassa ja Tansaniassa, tunnetaan gnuiden vaelluksesta Serengeti
34%
6000 kilometriä pitkä laakso Iso hautavajoama
22%
Ehtoja vastaavia visoja ei löytynyt
Tulosjakauma
Jokaisen tuloksen saaneiden osuus
Persentiili vastausten määrän mukaan
Tuloshistoriasi
Et ole pelannut tätä visaa